000 00965cam a2200289 i 4500
999 _c129771
_d129771
001 19396135
003 ARRUPE
005 20190903104103.0
008 161206s2015 rh a b 000 0 eng
010 _a 2015334640
040 _aDLC
_beng
_cDLC
_erda
042 _alcode
_apcc
043 _af-rh---
050 0 0 _aHD2346.Z552
_bW66 2015
245 0 0 _aWomen vulnerability in informal trading :
_bcase of Mutare diocese.
_cCCJP-Mutare
260 _aMutare
_bCCJP Mutare
_c2016
300 _aiv, 46 pages :
_billustrations ;
_c21 cm
500 _aCover title.
504 _aIncludes bibliographical references (pages 39).
650 0 _aInformal sector (Economics)
_zZimbabwe.
_947982
650 0 _aWomen
_xEmployment
_zZimbabwe.
_947983
906 _a7
_bcbc
_corigode
_d3
_encip
_f20
_gy-gencatlg
942 _2lcc
_cMONOGRAPH